Division of tropical crops and pasture - Annual report 1987-88
Saved in:
| Format: | Book |
|---|---|
| Language: | Undetermined |
| Published: |
Australia
Commonwealth Scientific and Industrial Research Organisation
1988
|
| Subjects: | |
| Tags: |
Add Tag
No Tags, Be the first to tag this record!
|
| Institutions: | Trung tâm Học liệu Trường Đại học Cần Thơ |
|---|
| LEADER | 00524nam a2200157Ia 4500 | ||
|---|---|---|---|
| 001 | CTU_30159 | ||
| 008 | 210402s9999 xx 000 0 und d | ||
| 082 | |a 631 | ||
| 082 | |b T856 | ||
| 245 | 0 | |a Division of tropical crops and pasture - Annual report 1987-88 | |
| 260 | |a Australia | ||
| 260 | |b Commonwealth Scientific and Industrial Research Organisation | ||
| 260 | |c 1988 | ||
| 650 | |a field crops - tropics,pasture research - tropics | ||
| 904 | |i Liên, 990312 | ||
| 980 | |a Trung tâm Học liệu Trường Đại học Cần Thơ | ||